• 首页
  • 本馆介绍
  • 公告通知
  • 最新文献
  • 馆藏检索
  • 电子资源
  • 读者导购
  • 参考咨询
  • 我的图书馆
  • 登录
  • 详细信息显示
  • 放入我的书架
  • 预约/预借图书
  • 作者相关作品
  • 分类相关作品
  • 丛书相关作品
  • 出版社相关作品

书目信息

  • 表格格式
  • 工作单格式
  • 卡片格式
题名:
轻松拯救数据灾难
    
 
作者: ;微型计算机远望工作室 编
分册:  
出版信息: 上海   浦东电子出版社  2001.10
页数: 244页
开本: 26cm
丛书名:
单 册:
中图分类: TP368.3
科图分类:
主题词: --基本知识 , 微型计算机
电子资源:
ISBN: 7-900335-07-2
000 00806nam0 2200253 450
001 0104000024
005 20060515115123.1
010    @a7-900335-07-2@dCNY22.00
100    @a20081130d2001 ekmy0chiy0120 ea
101 0  @achi
102    @aCN@b310000
105    @aa z 000yy
106    @ar
200 1  @a轻松拯救数据灾难@AQing Song Zheng Jiu Shu Ju Zai Nan@f《微型计算机》远望工作室编@F《 Wei Xing Ji Suan Ji》 Yuan Wang Gong Zuo Shi Bian
210    @a上海@c浦东电子出版社@d2001.10
215    @a244页@c图@d26cm@e光盘1张
300    @a电脑急救箱
606 0  @a@x基本知识
606 0  @a微型计算机
690    @aTP368.3@v4
711 02 @a微型计算机远望工作室@AWei Xing Ji Suan Ji Yuan Wang Gong Zuo Shi@4编
801  0 @aCN@bHTDF@c20081130
905    @aBZT@dTP368.3@e1@f5
906    @dCNY22.00 (含光盘@n0@r1
    
    轻松拯救数据灾难/《微型计算机》远望工作室编.-上海:浦东电子出版社,2001.10
    244页:图;26cm+光盘1张
    电脑急救箱
    
    ISBN 7-900335-07-2:CNY22.00
    
●
相关链接 在五车中查询图书 在当当中查询图书 在豆瓣中查询图书


正题名:轻松拯救数据灾难     索取号:TP368.3/1         预约/预借

序号 登录号 条形码 馆藏地/架位号 状态 备注
1 723102   2000723102   中心书库中库/ 中库027架A面5列5层17/ [索取号:TP368.3/1] 在馆    
2 723103   2000723103   中心书库中库/ 中库027架A面5列5层16/ [索取号:TP368.3/1] 在馆    
3 723104   2000723104   中心书库中库/ 中库027架A面5列5层15/ [索取号:TP368.3/1] 在馆    
4 723105   2000723105   中心书库中库/ 中库027架A面5列5层14/ [索取号:TP368.3/1] 在馆    
5 723106   2000723106   中心书库中库/ 中库027架A面5列5层13/ [索取号:TP368.3/1] 在馆    
山东省滨州职业学院图书馆 欢迎您!
大连网信软件有限公司© 版权所有